In libros prophetarum Ezechielis, Danielis, Oseae, Iohelis, Amos, Abdiae, Ioanne, Michael, Naum, Abacuc, Sophoniae, Aggaei, ...

Detalles Bibliográficos
Autor principal: CHARO, Hugo de
Formato: Libro
Publicado: Colonia 1621
Materias:
Colección:Banco de datos
Acervo:Biblioteca del Museo de sitio casa de Morelos. Morelia. Michoacán
Descripción Física:t. V.
Tema general:Biblia
Notas:Mala. C14,5. Ex libris del Colegio de la Comp. de Jesús de Valladolid.
LEADER 00770nam a22002050004500
035 |a 57285 
036 |a 346 
100 1 |a CHARO, Hugo de 
245 1 0 |a In libros prophetarum Ezechielis, Danielis, Oseae, Iohelis, Amos, Abdiae, Ioanne, Michael, Naum, Abacuc, Sophoniae, Aggaei, ... 
260 |a Colonia  |b Juan Gymmici imp.  |c 1621 
300 |a t. V. 
500 |a Mala. C14,5. Ex libris del Colegio de la Comp. de Jesús de Valladolid. 
650 1 0 |a Biblia 
949 |a C.MOR 
959 |a Museo de Sitio Casa de Morelos. Morelia, Michoacán  |b CCC8 
960 |a Museo de Sitio Casa de Morelos, Michoacán  |b DD91 
961 |a Varias Ordenes Religiosas  |b VO 
942 |c MORELIA 
943 |g Biblioteca del Museo de sitio casa de Morelos. Morelia. Michoacán 
999 |c 974784  |d 974784